000 01262cam a2200337 i 4500
001 17800088
003 OSt
005 20250130105749.0
008 130703s2013 et a b 000 0 eng
010 _a 2012310640
020 _a9789994455713
040 _aDLC
_beng
_cDLC
_erda
042 _alcode
_apcc
043 _af------
050 0 0 _aLA1503
_b.P48 2013
082 _a378.1259
_bTEK
245 0 0 _aPhD training in eastern and southern Africa :
_bthe experience of OSSREA /
_cedited by: Tekeste Negash and Abiye Daniel.
264 1 _aAddis Ababa, Ethiopia :
_bOrganisation for Social Science Research in Eastern and Southern Africa (OSSREA),
_c2013.
300 _axxiv, 264 pages :
_bcolor illustrations ;
_c24 cm
336 _atext
_2rdacontent
337 _aunmediated
_2rdamedia
338 _avolume
_2rdacarrier
504 _aIncludes bibliographical references.
650 0 _aHigher education
_zAfrica.
700 0 _aTekeste Negash,
_eeditor of compilation.
700 0 _aAbiye Daniel,
_eeditor of compilation.
710 2 _aOrganization for Social Science Research in Eastern and Southern Africa,
_eissuing body.
906 _a7
_bcbc
_corigode
_d3
_encip
_f20
_gy-gencatlg
942 _2ddc
_cBK
999 _c4062
_d4062